| 000 | 01050nam0a22003131 4500 | ||
|---|---|---|---|
| 001 | RU\INFOCOMM_318\NLR\5000090675 | ||
| 005 | 20250613105202.0 | ||
| 035 | _a(NLR Aleph) 009521075 | ||
| 090 |
_a8827441 _c8827441 |
||
| 100 | _a20121224d1988 |||y0rusy50 ca | ||
| 101 | 0 | _aeng | |
| 102 | _aRU | ||
| 105 | _ay z ||||| | ||
| 200 | 1 |
_aOn the role of the sprat (Sprattus sprattus balticus SCHN) in the ecosystem of the Northern Baltic _fBy A. Lankov |
|
| 210 |
_a[M.] _d1988 |
||
| 215 |
_a15 с. _d20 см |
||
| 225 | 1 |
_aIntern. council for the exploration of the sea. Baltic fish comm. _iC. M. _v1988 Y:12 |
|
| 300 | _aРез. на фр. яз. | ||
| 300 | _aБез тит. л. и обл. | ||
| 320 | _aБиблиогр.: с. 10-11 | ||
| 606 | 0 |
_aШпроты _yБалтийское море _91578502 _3RU\NLR\AUTH\66991751 |
|
| 620 | _aМосква | ||
| 686 |
_aЕ681.921.6 _2rubbk |
||
| 700 | 1 |
_aLankov _bA. _gAin |
|
| 801 | 1 |
_aRU _bInfocomm _c20121224 |
|
| 801 | 0 |
_aRU _bINFOCOMM _gPSBO |
|
| 852 |
_aNLR _jЗ01 Д-4/109 |
||
| 942 | _cBOOK | ||
| 980 | _aNB | ||